000
00454nam a2200133Ia 4500
008
100328s9999 xx 000 0 und d
082
_b
74382
100
_a
ठाकूर दिलीप.
245
_a
रेखा म्हणजे तारुण्य.
260
_b
संवेदना.
630
_a
रेखा म्हणजे तारुण्य.
730
_a
रेखा म्हणजे तारुण्य.
942
_c
BOOK
999
_c
560103
_d
560100